Qui sont ces députés du Groupe Droite Républicaine ? - 2024 - Statistiques

Statistiques générales
  • Ce quiz a été pris 97 fois
    35 depuis la dernière actualisation
  • Le résultat moyen est 6 sur 12
Statistiques - réponses
Par images Hint Réponse % Correct
Haute Loire Laurent Wauquiez
100%
Paris Michel Barnier
100%
Eure et Loire Olivier Marleix
75%
Doubs Annie Genevard
69%
Hauts de Seine Philippe Juvin
66%
Val de Marne Vincent Jeanbrun
63%
Alpes Maritimes Michèle Tabarot
59%
Aisne Julien Dive
25%
Côtes d'Armor Corentin Le Fur
22%
Ain Xavier Breton
22%
Alpes Maritimes Alexandra Martin
19%
Loire Sylvie Bonnet
3%
Aucun quiz correspondant
Distribution des résultats
% des personnes avec chaque résultat
Percentile par nombre de réponses
Votre historique - résultats
Vous n’avez pas pris ce quiz depuis la dernière actualisation